[Event "Junior Online 4NCL Division 3"]
[Site "online"]
[Date "2021.10.28"]
[EventDate "2021.10.28"]
[Round "6.75"]
[White "Korossy, Nandi"]
[WhiteElo "1610"]
[WhiteTeam "Wanstead Warriors 1"]
[Black "Amos, Michael"]
[BlackElo "1690"]
[BlackTeam "Farnham Fantasticos A"]
[Result "0-1"]
[PlyCount "74"]

1. d4 Nf6 2. Bf4 d5 3. e3 c5 4. Nf3 Nc6 5. c3 e6 6. Nbd2 Bd6 7. Bg3 Bxg3 8. hxg3 Qb6 9. Qc2 c4 10. Ne5 Nxe5 11. dxe5 Nd7 12. Rxh7 Rxh7 13. Qxh7 Qxb2 14. Rb1 Qxc3 15. Qxg7 Qxe5 16. Qg8+ Ke7 17. Nf3 Qc3+ 18. Kd1 b6 19. Nd4 Bb7 20. Qg5+ Nf6 21. Qe5 Ne4 22. Qc7+ Kf8 23. Ke2 Qd2+ 24. Kf3 Qxf2+ 25. Kg4 f5+ 26. Kh5 Nxg3+ 27. Kg6 Ke8 28. Kf6 Ne4+ 29. Kxe6 Bc8+ 30. Kxd5 Nf6+ 31. Kxc4 Ba6+ 32. Nb5 Rc8 33. Qxc8+ Bxc8 34. Rd1 Be6+ 35. Kc3 Qxe3+ 36. Rd3 Ne4+ 37. Kc2 Qf2+ 0-1

[Event "Junior Online 4NCL Division 3"]
[Site "online"]
[Date "2021.10.28"]
[EventDate "2021.10.28"]
[Round "6.76"]
[White "Amos, Alice"]
[WhiteElo "1431"]
[WhiteTeam "Farnham Fantasticos A"]
[Black "Demetriou, Jay"]
[BlackElo "1519"]
[BlackTeam "Wanstead Warriors 1"]
[Result "0-1"]
[PlyCount "62"]

1. d4 d5 2. c4 e6 3. cxd5 exd5 4. Nc3 Nf6 5. Bg5 Be7 6. Nf3 c6 7. e3 Bg4 8. Be2 Nbd7 9. O-O Qc7 10. Qc2 Bd6 11. g3 h6 12. Bxf6 Nxf6 13. e4 dxe4 14. Nxe4 Be7 15. Nxf6+ Bxf6 16. Rad1 O-O-O 17. Rfe1 Rhe8 18. Kg2 g6 19. h3 Bf5 20. Qc4 Be4 21. Qa4 Kb8 22. Qb4 h5 23. Rd2 Qe7 24. Bd1 h4 25. g4 Qxb4 26. a3 Bxf3+ 27. Bxf3 Qxd2 28. Rxe8 Rxe8 29. b4 Bxd4 30. Kh2 Qxf2+ 31. Bg2 Qg1# 0-1

[Event "Junior Online 4NCL Division 3"]
[Site "online"]
[Date "2021.10.28"]
[EventDate "2021.10.28"]
[Round "6.77"]
[White "Gurusamy, Paramaguru"]
[WhiteElo "1312"]
[WhiteTeam "Wanstead Warriors 1"]
[Black "Amos, Katherine"]
[BlackElo "1414"]
[BlackTeam "Farnham Fantasticos A"]
[Result "1-0"]
[PlyCount "53"]

1. d4 g6 2. g3 Bg7 3. Nf3 Nf6 4. Bg2 O-O 5. c4 e6 6. Nc3 b6 7. O-O Bb7 8. Re1 d5 9. cxd5 exd5 10. Bf4 Nc6 11. Ne5 Nxe5 12. dxe5 Ne4 13. Rc1 Nxc3 14. Rxc3 c6 15. Qc1 Rc8 16. Rd1 Re8 17. Rcd3 f6 18. exf6 Qxf6 19. Bh3 Rcd8 20. Bg5 Qd6 21. Bxd8 Qxd8 22. b3 Rxe2 23. Re1 Rxa2 24. Rde3 Bb2 25. Re8+ Kg7 26. R1e7+ Kf6 27. Qf4# 1-0

[Event "Junior Online 4NCL Division 3"]
[Site "online"]
[Date "2021.10.28"]
[EventDate "2021.10.28"]
[Round "6.78"]
[White "Warnock, Oliver"]
[WhiteElo "1255"]
[WhiteTeam "Farnham Fantasticos A"]
[Black "Wong, Joseph"]
[BlackElo "1299"]
[BlackTeam "Wanstead Warriors 1"]
[Result "1-0"]
[PlyCount "23"]

1. d4 d5 2. c4 e6 3. Nc3 Nf6 4. Bg5 Nbd7 5. Nf3 c6 6. e3 Qa5 7. a3 Ne4 8. Qc2 Nxc3 9. bxc3 Bxa3 10. Qb3 dxc4 11. Qxa3 Qd5 12. Qe7# 1-0

[Event "Junior Online 4NCL Division 3"]
[Site "online"]
[Date "2021.10.28"]
[EventDate "2021.10.28"]
[Round "6.81"]
[White "Wang, Xiling"]
[WhiteElo "889"]
[WhiteTeam "Harrow Juniors E"]
[Black "Kotha, Vedant"]
[BlackElo "1080"]
[BlackTeam "Barnet Knights C"]
[Result "0-1"]
[PlyCount "128"]

1. e4 e5 2. Nf3 Nc6 3. Bc4 Be7 4. d3 Nf6 5. O-O h6 6. Be3 O-O 7. Nc3 d6 8. Nd5 Bg4 9. Nxf6+ Bxf6 10. h3 Bxf3 11. Qxf3 Qd7 12. Rfe1 Rfe8 13. c3 Rad8 14. b4 a6 15. a4 a5 16. b5 Ne7 17. d4 Ng6 18. d5 c6 19. dxc6 bxc6 20. bxc6 Qxc6 21. Bb5 Qxc3 22. Bxe8 Rxe8 23. Rec1 Qb3 24. Qd1 Qe6 25. g4 Re7 26. Qd5 Qxd5 27. exd5 Nh4 28. Bb6 Re8 29. Bxa5 e4 30. Bd2 Bxa1 31. Rxa1 Nf3+ 32. Kg2 Nxd2 33. a5 Ra8 34. Ra2 Nb3 35. Rb2 Nxa5 36. f3 g5 37. fxe4 f6 38. Rf2 Kg7 39. h4 gxh4 40. Kh3 Re8 41. Kxh4 Rxe4 42. Kh5 Re5+ 43. Rf5 Rxf5+ 44. gxf5 Nc4 45. Kh4 Ne3 46. Kh5 Nxd5 47. Kg4 Ne3+ 48. Kh5 Nxf5 49. Kg4 Kg6 50. Kf4 d5 51. Kf3 d4 52. Ke4 h5 53. Kf3 h4 54. Kf2 Kg5 55. Kf3 Kh5 56. Kf4 h3 57. Kf3 d3 58. Kf2 h2 59. Kf3 h1=Q+ 60. Kf2 d2 61. Ke2 Qh2+ 62. Kf3 d1=Q+ 63. Ke4 Qd4+ 64. Kf3 Qdf4# 0-1

[Event "Junior Online 4NCL Division 3"]
[Site "online"]
[Date "2021.10.28"]
[EventDate "2021.10.28"]
[Round "6.82"]
[White "Scheffel, Oliver"]
[WhiteElo "1126"]
[WhiteTeam "Barnet Knights C"]
[Black "Patel-Davis, Riyan"]
[BlackElo "842"]
[BlackTeam "Harrow Juniors E"]
[Result "1/2-1/2"]
[PlyCount "150"]

1. e4 e5 2. Nf3 Nc6 3. Bc4 Bc5 4. O-O Nf6 5. Nc3 O-O 6. Be2 d6 7. d3 h6 8. Nd5 Nxd5 9. exd5 Nd4 10. Nxd4 Bxd4 11. c3 Bc5 12. d4 exd4 13. cxd4 Bb6 14. Bg4 Bxg4 15. Qxg4 Qf6 16. Be3 Rfe8 17. b4 Re7 18. a4 a5 19. b5 Rae8 20. Ra3 c5 21. dxc6 bxc6 22. bxc6 d5 23. Rc1 Rc7 24. Rac3 Rec8 25. Bf4 Rxc6 26. Rxc6 Rxc6 27. h3 Rxc1+ 28. Bxc1 Qc6 29. Qd1 Bc7 30. g3 g5 31. Kg2 f5 32. f3 Qd6 33. f4 gxf4 34. Bxf4 Qd7 35. Bxc7 Qxc7 36. Qh5 Qc4 37. Qxh6 Qxd4 38. Qg5+ Kh8 39. Qxf5 Qxa4 40. Qxd5 Qc2+ 41. Kf3 a4 42. Qd4+ Kg8 43. h4 a3 44. Qd5+ Kh8 45. Qd8+ Kh7 46. Qe7+ Kg6 47. Qxa3 Qd1+ 48. Kg2 Qe2+ 49. Kh3 Qe6+ 50. Kh2 Qe2+ 51. Kg1 Qd1+ 52. Kf2 Qd2+ 53. Kf3 Qd5+ 54. Kf2 Qd2+ 55. Kf3 Qd5+ 56. Kf4 Qf7+ 57. Ke4 Qe6+ 58. Kd4 Qg4+ 59. Kc3 Qf3+ 60. Kb4 Qf8+ 61. Ka4 Qa8+ 62. Kb4 Qf8+ 63. Kb3 Qf3+ 64. Ka2 Qf2+ 65. Qb2 Qa7+ 66. Kb1 Qg1+ 67. Qc1 Qb6+ 68. Ka1 Qa5+ 69. Kb1 Qb5+ 70. Qb2 Qf1+ 71. Qc1 Qb5+ 72. Kc2 Qc4+ 73. Kd1 Qf1+ 74. Kc2 Qc4+ 75. Kb1 Qb5+ 1/2-1/2

[Event "Junior Online 4NCL Division 3"]
[Site "online"]
[Date "2021.10.28"]
[EventDate "2021.10.28"]
[Round "6.83"]
[White "Horwood, Alexander"]
[WhiteElo "627"]
[WhiteTeam "Harrow Juniors E"]
[Black "Pugh, Ben"]
[BlackElo "993"]
[BlackTeam "Barnet Knights C"]
[Result "1-0"]
[PlyCount "41"]

1. Nf3 c5 2. Nc3 Nc6 3. e3 d6 4. d4 Bd7 5. dxc5 e6 6. cxd6 Nf6 7. Bb5 Qb8 8. Bxc6 Bxc6 9. Ne5 Bxd6 10. Nxc6 bxc6 11. O-O O-O 12. Re1 Bb4 13. e4 Nxe4 14. Rxe4 f5 15. Rxe6 Rf6 16. Rxf6 gxf6 17. a3 Qe5 18. axb4 Re8 19. Bh6 Qe1+ 20. Qxe1 Rxe1+ 21. Rxe1 1-0

[Event "Junior Online 4NCL Division 3"]
[Site "online"]
[Date "2021.10.28"]
[EventDate "2021.10.28"]
[Round "6.84"]
[White "Morin, Julian"]
[WhiteElo "1049"]
[WhiteTeam "Barnet Knights C"]
[Black "Shah, Kian"]
[BlackElo "590"]
[BlackTeam "Harrow Juniors E"]
[Result "1-0"]
[PlyCount "67"]

1. c4 e5 2. b3 Nc6 3. Bb2 Nf6 4. Nc3 Bb4 5. e3 O-O 6. Nge2 Ng4 7. g3 Bxc3 8. Nxc3 d6 9. Bh3 Bf5 10. Bxg4 Bxg4 11. Qxg4 Nb4 12. O-O Nd5 13. Nxd5 c6 14. Nc3 d5 15. cxd5 cxd5 16. d4 e4 17. Ba3 Re8 18. Qf5 Qf6 19. Qxf6 gxf6 20. Nxd5 Red8 21. Ne7+ Kg7 22. Nf5+ Kg6 23. Nh4+ Kg7 24. Be7 Re8 25. Nf5+ Kg6 26. g4 Rxe7 27. Nxe7+ Kg7 28. Rac1 f5 29. Nxf5+ Kg6 30. Rc7 b5 31. Nd6 b4 32. Nxe4 a5 33. Rfc1 f5 34. R1c6# 1-0

[Event "Junior Online 4NCL Division 3"]
[Site "online"]
[Date "2021.10.28"]
[EventDate "2021.10.28"]
[Round "6.85"]
[White "Kotha, Vedant"]
[WhiteElo "1080"]
[WhiteTeam "Barnet Knights C"]
[Black "Wang, Xiling"]
[BlackElo "889"]
[BlackTeam "Harrow Juniors E"]
[Result "0-1"]
[PlyCount "62"]

1. e4 e5 2. Nf3 Nc6 3. Nc3 Nf6 4. a3 Bc5 5. Nxe5 Nxe5 6. d4 Bxd4 7. Qxd4 Nc6 8. Qd1 O-O 9. Bg5 d6 10. Bb5 Bg4 11. f3 Be6 12. Bxf6 Qxf6 13. Qd2 Nd4 14. Bf1 Rae8 15. f4 Nc6 16. O-O-O Bg4 17. Be2 Bxe2 18. Qxe2 Qxf4+ 19. Rd2 d5 20. Nxd5 Qxe4 21. Re1 Qxe2 22. Rexe2 Rxe2 23. Rxe2 Nd4 24. Re4 c5 25. b4 Nb5 26. a4 Nd6 27. Ne7+ Kh8 28. Re3 cxb4 29. Rb3 Re8 30. Nd5 Nc4 31. Nxb4 Re1# 0-1

[Event "Junior Online 4NCL Division 3"]
[Site "online"]
[Date "2021.10.28"]
[EventDate "2021.10.28"]
[Round "6.86"]
[White "Patel-Davis, Riyan"]
[WhiteElo "842"]
[WhiteTeam "Harrow Juniors E"]
[Black "Scheffel, Oliver"]
[BlackElo "1126"]
[BlackTeam "Barnet Knights C"]
[Result "0-1"]
[PlyCount "58"]

1. e4 e5 2. Nf3 Nc6 3. Nc3 Nf6 4. Bb5 Bc5 5. d3 Nd4 6. Bc4 O-O 7. Bg5 Nxf3+ 8. Qxf3 Be7 9. O-O c6 10. Rad1 d6 11. d4 exd4 12. Rxd4 c5 13. Rd3 Nd7 14. Bxe7 Qxe7 15. Re1 Ne5 16. Qf4 Nxc4 17. Rg3 Bd7 18. Qc1 Ne5 19. Nd5 Qd8 20. b3 Bc6 21. f4 Bxd5 22. fxe5 Bxe4 23. Rxe4 dxe5 24. Rxe5 Qd6 25. Qb2 f6 26. Re4 Rae8 27. Reg4 Re1+ 28. Kf2 Qd2+ 29. Kf3 Qe3# 0-1

[Event "Junior Online 4NCL Division 3"]
[Site "online"]
[Date "2021.10.28"]
[EventDate "2021.10.28"]
[Round "6.88"]
[White "Shah, Kian"]
[WhiteElo "590"]
[WhiteTeam "Harrow Juniors E"]
[Black "Morin, Julian"]
[BlackElo "1049"]
[BlackTeam "Barnet Knights C"]
[Result "0-1"]
[PlyCount "78"]

1. e4 c5 2. Qg4 d6 3. Bb5+ Nc6 4. Bxc6+ bxc6 5. Qf3 Nf6 6. Qd1 g6 7. Nf3 Bg7 8. O-O O-O 9. d3 d5 10. Bg5 dxe4 11. dxe4 Qxd1 12. Rxd1 h6 13. Bxf6 Bxf6 14. e5 Bg7 15. Nc3 Bg4 16. Re1 Bxf3 17. gxf3 Rab8 18. a4 Rxb2 19. Ra2 Rxa2 20. Nxa2 Rd8 21. Nc3 Rd4 22. Rd1 Rxd1+ 23. Nxd1 Bxe5 24. f4 Bxf4 25. Nc3 Be5 26. Ne4 Bd4 27. a5 f5 28. Kg2 fxe4 29. f3 e3 30. Kf1 Kf7 31. f4 Kf6 32. h4 Kf5 33. a6 Kxf4 34. c3 Bxc3 35. Ke2 Bd4 36. Kd3 Kf3 37. Kc4 e2 38. Kd3 e1=Q 39. Kc4 Qc3# 0-1

[Event "Junior Online 4NCL Division 3"]
[Site "online"]
[Date "2021.10.28"]
[EventDate "2021.10.28"]
[Round "6.91"]
[White "Bharat Kumar, Balahari"]
[WhiteElo "1489"]
[WhiteTeam "Desert Penguins Saturn"]
[Black "Davies, Milo"]
[BlackElo "1482"]
[BlackTeam "Young Dragons B"]
[Result "1-0"]
[PlyCount "95"]

1. d4 d5 2. c4 e6 3. Nc3 Nf6 4. Bg5 c5 5. cxd5 exd5 6. Bxf6 Qxf6 7. Nxd5 Qxd4 8. Qxd4 cxd4 9. Nc7+ Kd8 10. Nxa8 Bb4+ 11. Kd1 Bf5 12. Nf3 Nc6 13. a3 Bd6 14. b4 Kd7 15. b5 Ne7 16. Nxd4 Be5 17. e3 Rxa8 18. Rc1 Bg6 19. Be2 Rd8 20. Bf3 b6 21. Ke2 Nf5 22. Bg4 h5 23. Bxf5+ Bxf5 24. Nxf5 Ke6 25. Nd4+ Bxd4 26. exd4 Rxd4 27. Rhd1 Ra4 28. Rd3 Ra5 29. Rb3 Kd6 30. Rc6+ Kd7 31. Rd3+ Ke8 32. Rd5 Rxa3 33. Rxh5 Ra2+ 34. Ke3 Ra3+ 35. Kd4 Ke7 36. Re5+ Kd7 37. Rd5+ Ke7 38. Rc7+ Ke6 39. Rdd7 Ra2 40. Re7+ Kf6 41. Rxf7+ Ke6 42. Rxa7 Rb2 43. Rxg7 Rxf2 44. Rae7+ Kd6 45. Rd7+ Ke6 46. Rge7+ Kf6 47. Rf7+ Kg6 48. Rxf2 1-0

[Event "Junior Online 4NCL Division 3"]
[Site "online"]
[Date "2021.10.28"]
[EventDate "2021.10.28"]
[Round "6.92"]
[White "Ryan, Tabitha"]
[WhiteElo "1435"]
[WhiteTeam "Young Dragons B"]
[Black "Longia-Zaidi, Ismail"]
[BlackElo "1317"]
[BlackTeam "Desert Penguins Saturn"]
[Result "1/2-1/2"]
[PlyCount "48"]

1. d4 Nf6 2. Nf3 e6 3. Bf4 b6 4. e3 Bb7 5. Nbd2 d5 6. c3 Be7 7. Qa4+ c6 8. Be2 O-O 9. h3 Ne4 10. Qc2 c5 11. O-O Nd7 12. Bd3 Ndf6 13. Ng5 Nxg5 14. Bxg5 h6 15. Bf4 c4 16. Be2 b5 17. Nf3 Ne4 18. Ne5 a6 19. f3 Nf6 20. Kh1 Bd6 21. g4 Nd7 22. Rg1 Qh4 23. Kh2 Qf2+ 24. Rg2 Qh4 1/2-1/2

[Event "Junior Online 4NCL Division 3"]
[Site "online"]
[Date "2021.10.28"]
[EventDate "2021.10.28"]
[Round "6.93"]
[White "Dane, Antony"]
[WhiteElo "1361"]
[WhiteTeam "Desert Penguins Saturn"]
[Black "Anandkumar, Govind"]
[BlackElo "1217"]
[BlackTeam "Young Dragons B"]
[Result "1-0"]
[PlyCount "73"]

1. d4 Nf6 2. c4 g6 3. Nc3 Bg7 4. e4 d6 5. Nge2 O-O 6. Ng3 Nbd7 7. Be2 e5 8. d5 Nc5 9. b4 Na6 10. a3 c5 11. b5 Nc7 12. O-O h6 13. a4 Bd7 14. Be3 b6 15. Qd2 Nh7 16. Bxh6 Bxh6 17. Qxh6 Qf6 18. Qd2 Kg7 19. Bh5 Rh8 20. Be2 Qh4 21. Bf3 Ng5 22. h3 Nxh3+ 23. gxh3 Qxh3 24. Rfd1 Qh2+ 25. Kf1 Bh3+ 26. Ke2 Bg2 27. Bxg2 Qxg2 28. Rg1 Qh2 29. Rh1 Qg2 30. Rag1 Qxh1 31. Rxh1 f6 32. Rxh8 Rxh8 33. Nd1 Rh6 34. Ne3 Ne8 35. Nef5+ gxf5 36. Nxf5+ Kf7 37. Qxh6 1-0

[Event "Junior Online 4NCL Division 3"]
[Site "online"]
[Date "2021.10.28"]
[EventDate "2021.10.28"]
[Round "6.94"]
[White "Rajdev, Vamika"]
[WhiteElo "1150"]
[WhiteTeam "Young Dragons B"]
[Black "Mo, Alex"]
[BlackElo "1304"]
[BlackTeam "Desert Penguins Saturn"]
[Result "0-1"]
[PlyCount "64"]

1. d4 d5 2. c4 e6 3. Nc3 Nf6 4. Nf3 Be7 5. e3 O-O 6. Bd3 dxc4 7. Bxc4 a6 8. O-O b5 9. Bd3 c5 10. d5 c4 11. Be2 Nxd5 12. e4 Nf6 13. Qxd8 Rxd8 14. Ne5 Bb7 15. Bg5 Nbd7 16. Ng4 h6 17. e5 hxg5 18. exf6 Nxf6 19. h3 Nxg4 20. Bxg4 Bf6 21. Bf3 Bxf3 22. gxf3 Rd2 23. Ne4 Rxb2 24. Nxf6+ gxf6 25. Rfe1 Rd8 26. f4 Rdd2 27. Rf1 Rxa2 28. Rae1 c3 29. fxg5 fxg5 30. f4 Rg2+ 31. Kh1 Rh2+ 32. Kg1 Rag2# 0-1

[Event "Junior Online 4NCL Division 3"]
[Site "online"]
[Date "2021.10.28"]
[EventDate "2021.10.28"]
[Round "6.95"]
[White "Davies, Milo"]
[WhiteElo "1482"]
[WhiteTeam "Young Dragons B"]
[Black "Bharat Kumar, Balahari"]
[BlackElo "1489"]
[BlackTeam "Desert Penguins Saturn"]
[Result "0-1"]
[PlyCount "104"]

1. e4 c5 2. c3 d5 3. exd5 Qxd5 4. d4 Nf6 5. Nf3 Bg4 6. Be2 e6 7. O-O Nc6 8. Be3 cxd4 9. cxd4 Be7 10. Nc3 Qd6 11. Nb5 Qd8 12. Bf4 Nd5 13. Qd2 O-O 14. Rac1 Bxf3 15. Bxf3 Nxf4 16. Qxf4 Bg5 17. Qe4 Bxc1 18. Rxc1 a6 19. Nc3 Qxd4 20. Qxd4 Nxd4 21. Bxb7 Rab8 22. Bxa6 Rxb2 23. h3 h6 24. Bd3 g5 25. a4 Nb3 26. Bb5 Nxc1 27. Ne4 Nb3 28. Nf6+ Kg7 29. Nd7 Rc8 30. Ne5 Nc5 31. Nc4 Ra2 32. a5 Nb3 33. a6 Nc5 34. Nd6 Rd8 35. Nb7 Rd1+ 36. Kh2 Nxa6 37. Bc4 Ra3 38. Be2 Rd2 39. Bf3 Rxf2 40. Kg3 Rb2 41. Nd6 f5 42. Nc4 f4+ 43. Kg4 Rxg2+ 44. Bxg2 Rg3+ 45. Kh5 Rxg2 46. Ne5 Rg3 47. h4 Rh3 48. Kg4 Rxh4+ 49. Kf3 Rh3+ 50. Kg4 Rg3+ 51. Kh5 f3 52. Ng4 Rh3# 0-1

[Event "Junior Online 4NCL Division 3"]
[Site "online"]
[Date "2021.10.28"]
[EventDate "2021.10.28"]
[Round "6.96"]
[White "Longia-Zaidi, Ismail"]
[WhiteElo "1317"]
[WhiteTeam "Desert Penguins Saturn"]
[Black "Ryan, Tabitha"]
[BlackElo "1435"]
[BlackTeam "Young Dragons B"]
[Result "1-0"]
[PlyCount "73"]

1. d4 d5 2. c4 c6 3. Nc3 Nf6 4. Nf3 Bf5 5. Bf4 e6 6. cxd5 exd5 7. e3 Bd6 8. Bg5 h6 9. Bh4 Nbd7 10. Bd3 Bxd3 11. Qxd3 Qb6 12. Rb1 Bb4 13. O-O O-O 14. Ne5 Bd6 15. f4 Qc7 16. Rf3 c5 17. Rg3 Nh5 18. Rh3 cxd4 19. Nb5 Nxe5 20. fxe5 Qc5 21. Nxd6 dxe3 22. Qxe3 d4 23. Qe4 f5 24. Nxf5 Rxf5 25. Qxf5 Rf8 26. Qxh5 d3+ 27. Kh1 d2 28. Qd1 Qxe5 29. Qxd2 Qf5 30. Qd1 g5 31. Rf3 Qc8 32. Qd5+ Kg7 33. Qe5+ Kg6 34. Qd6+ Kg7 35. Qe7+ Kg6 36. Rxf8 Qc2 37. Qf7# 1-0

[Event "Junior Online 4NCL Division 3"]
[Site "online"]
[Date "2021.10.28"]
[EventDate "2021.10.28"]
[Round "6.97"]
[White "Anandkumar, Govind"]
[WhiteElo "1217"]
[WhiteTeam "Young Dragons B"]
[Black "Dane, Antony"]
[BlackElo "1361"]
[BlackTeam "Desert Penguins Saturn"]
[Result "0-1"]
[PlyCount "33"]

1. e4 c5 2. c3 d5 3. e5 d4 4. cxd4 cxd4 5. Nf3 Nc6 6. Qa4 Bd7 7. Bb5 a6 8. Bxc6 Bxc6 9. Qxd4 Qxd4 10. Nxd4 Bxg2 11. Rg1 Be4 12. Nc3 Bg6 13. h4 e6 14. f4 Bc5 15. Nce2 Ne7 16. Ng3 Bxd4 17. Rf1 0-1

[Event "Junior Online 4NCL Division 3"]
[Site "online"]
[Date "2021.10.28"]
[EventDate "2021.10.28"]
[Round "6.98"]
[White "Mo, Alex"]
[WhiteElo "1304"]
[WhiteTeam "Desert Penguins Saturn"]
[Black "Rajdev, Vamika"]
[BlackElo "1150"]
[BlackTeam "Young Dragons B"]
[Result "1-0"]
[PlyCount "55"]

1. d4 e6 2. c4 Nf6 3. Nc3 Bb4 4. a3 Bxc3+ 5. bxc3 d5 6. cxd5 exd5 7. Bg5 h6 8. Bh4 g5 9. Bg3 Nc6 10. Nf3 Bf5 11. e3 Ne4 12. Qc1 h5 13. h3 g4 14. hxg4 Bxg4 15. Bd3 Nxg3 16. fxg3 Qe7 17. Qd2 O-O-O 18. c4 Rde8 19. Kf2 Rh6 20. cxd5 Nd8 21. a4 c6 22. dxc6 Nxc6 23. Rac1 Re6 24. Rhe1 Qa3 25. Ra1 Qd6 26. a5 a6 27. Rac1 Rd8 28. Rc3 1-0

[Event "Junior Online 4NCL Division 3"]
[Site "online"]
[Date "2021.10.28"]
[EventDate "2021.10.28"]
[Round "6.101"]
[White "Gururaj, Rithwik"]
[WhiteElo "1601"]
[WhiteTeam "Leeds Juniors 1"]
[Black "Bedretdinov, Rasul"]
[BlackElo "1155"]
[BlackTeam "Tetherdown Bishops"]
[Result "1-0"]
[PlyCount "89"]

1. d4 d5 2. c4 e6 3. Nc3 Nf6 4. Bg5 Be7 5. Nf3 O-O 6. e3 Nbd7 7. cxd5 exd5 8. Bd3 c6 9. O-O h6 10. Bh4 Re8 11. Rc1 b5 12. Ne2 Bb7 13. Bb1 a6 14. Qc2 Rc8 15. Ne5 g6 16. Bg3 Kg7 17. Nf4 Bd6 18. Nfxg6 Bxe5 19. Nxe5 Nxe5 20. dxe5 Ne4 21. f3 Nxg3 22. Qh7+ Kf8 23. hxg3 Qg5 24. f4 Qxg3 25. Qxh6+ Qg7 26. Qxg7+ Kxg7 27. Kf2 f6 28. exf6+ Kxf6 29. Rh1 Rc7 30. Rh6+ Ke7 31. Rh7+ Kd8 32. Rch1 Rxh7 33. Rxh7 Bc8 34. f5 Rf8 35. g4 c5 36. Kf3 c4 37. Kf4 b4 38. g5 c3 39. bxc3 bxc3 40. f6 Ke8 41. Ke5 Rf7 42. Bg6 c2 43. Bxf7+ Kf8 44. g6 c1=Q 45. Rh8# 1-0

[Event "Junior Online 4NCL Division 3"]
[Site "online"]
[Date "2021.10.28"]
[EventDate "2021.10.28"]
[Round "6.102"]
[White "Kirk, Alex"]
[WhiteElo "1111"]
[WhiteTeam "Tetherdown Bishops"]
[Black "Khan, Leo"]
[BlackElo "1623"]
[BlackTeam "Leeds Juniors 1"]
[Result "1-0"]
[PlyCount "141"]

1. e4 c6 2. d4 d5 3. f3 e6 4. Bd3 c5 5. c3 Nc6 6. Bb5 Bd7 7. Be3 c4 8. Nd2 Bd6 9. e5 Bc7 10. f4 Nge7 11. Qg4 Nf5 12. Bf2 h5 13. Qf3 Nce7 14. Bxd7+ Qxd7 15. O-O-O Qa4 16. a3 O-O-O 17. Nh3 f6 18. g3 Kb8 19. Rde1 Qa6 20. Rhf1 Ng6 21. exf6 gxf6 22. Re2 h4 23. g4 Ng7 24. Rfe1 Ka8 25. f5 exf5 26. gxf5 Nf8 27. Qg4 Nh5 28. Re8 Qd6 29. Qe4 Nd7 30. Rxd8+ Bxd8 31. Qxh4 Qxh2 32. Bg1 Qg3 33. Qxg3 Nxg3 34. Nf4 Nxf5 35. Nxd5 Nd6 36. Bf2 Nb6 37. Nxb6+ Bxb6 38. Bg3 Nf5 39. Bf4 Rc8 40. Ne4 Bd8 41. Nc5 b6 42. Nd7 Rc7 43. Nf8 Rf7 44. Re8 Kb7 45. Rxd8 Nh4 46. Ne6 Re7 47. Nf8 Re1+ 48. Kc2 Re2+ 49. Kd1 Rxb2 50. Rd7+ Ka6 51. Bb8 Kb5 52. Rd5+ Ka4 53. Kc1 Rb3 54. Rd7 a5 55. Ne6 Rxc3+ 56. Kd2 Rd3+ 57. Ke2 Rxa3 58. Bd6 Ra2+ 59. Kd1 c3 60. Kc1 Nf3 61. Kb1 Rb2+ 62. Kc1 Rb3 63. Kc2 f5 64. Rc7 b5 65. Nc5+ Ka3 66. Nxb3+ Ka2 67. Ra7 a4 68. Nc1+ Ka1 69. Nb3+ Ka2 70. d5 a3 71. Rxa3# 1-0

[Event "Junior Online 4NCL Division 3"]
[Site "online"]
[Date "2021.10.28"]
[EventDate "2021.10.28"]
[Round "6.103"]
[White "Krishnan, Aditya"]
[WhiteElo "1436"]
[WhiteTeam "Leeds Juniors 1"]
[Black "Murphy, Sam"]
[BlackElo "1105"]
[BlackTeam "Tetherdown Bishops"]
[Result "1-0"]
[PlyCount "105"]

1. c4 e6 2. Nf3 Nc6 3. Nc3 Nf6 4. d4 d5 5. cxd5 exd5 6. Bd2 Bb4 7. e3 Bd7 8. a3 Ba5 9. Be2 a6 10. b4 Bb6 11. O-O O-O 12. Rc1 Bf5 13. Qb3 Qd7 14. Na4 Ba7 15. Nc5 Bxc5 16. Rxc5 b6 17. Rcc1 Rfe8 18. b5 axb5 19. Bxb5 Re6 20. Ne5 Qd6 21. Bxc6 Rxa3 22. Qb4 Qxb4 23. Bxb4 Rb3 24. Bd2 Ne4 25. Nf3 Nf6 26. Ba4 Ra3 27. Bc2 Bg4 28. Ra1 Rxa1 29. Rxa1 g6 30. Ra8+ Kg7 31. h3 Bxf3 32. gxf3 Nh5 33. e4 dxe4 34. fxe4 Rc6 35. Ra2 Nf6 36. Be3 Nd7 37. d5 Rc4 38. Bd3 Rc3 39. Bd4+ Nf6 40. Bxc3 h5 41. Bxf6+ Kxf6 42. Re2 Ke5 43. f4+ Kxf4 44. e5 Kg5 45. e6 fxe6 46. dxe6 Kf6 47. Bxg6 Kxg6 48. e7 Kf6 49. e8=Q Kf5 50. Qf8+ Kg5 51. Rg2+ Kh4 52. Qf4+ Kxh3 53. Qg3# 1-0

[Event "Junior Online 4NCL Division 3"]
[Site "online"]
[Date "2021.10.28"]
[EventDate "2021.10.28"]
[Round "6.104"]
[White "Thorburn, Rory"]
[WhiteElo "1128"]
[WhiteTeam "Tetherdown Bishops"]
[Black "Rowe, Angelica"]
[BlackElo "1449"]
[BlackTeam "Leeds Juniors 1"]
[Result "1-0"]
[PlyCount "35"]

1. e4 d5 2. exd5 Nf6 3. Nc3 e5 4. Bc4 Bd6 5. Nf3 O-O 6. d4 e4 7. Ne5 Re8 8. O-O Bxe5 9. dxe5 Rxe5 10. Bf4 Rf5 11. Bg3 Rg5 12. Nb5 Bg4 13. Qd2 Ne8 14. f3 exf3 15. gxf3 Bh3 16. Rfe1 c6 17. dxc6 Qxd2 18. Rxe8# 1-0

[Event "Junior Online 4NCL Division 3"]
[Site "online"]
[Date "2021.10.28"]
[EventDate "2021.10.28"]
[Round "6.105"]
[White "Bedretdinov, Rasul"]
[WhiteElo "1155"]
[WhiteTeam "Tetherdown Bishops"]
[Black "Gururaj, Rithwik"]
[BlackElo "1601"]
[BlackTeam "Leeds Juniors 1"]
[Result "0-1"]
[PlyCount "98"]

1. e4 c5 2. Nf3 d6 3. d4 cxd4 4. Nxd4 Nf6 5. Nc3 g6 6. f3 Bg7 7. Be3 O-O 8. Qd2 Nc6 9. g4 h5 10. gxh5 Nxh5 11. O-O-O Bd7 12. Be2 Rc8 13. f4 Nf6 14. h4 Nh5 15. Bxh5 gxh5 16. Rhg1 Bg4 17. Qg2 Nxd4 18. Bxd4 Bxd4 19. Rxd4 Qa5 20. Qg3 e5 21. fxe5 dxe5 22. Rd5 Qc7 23. Rxe5 f5 24. exf5 Kf7 25. Rge1 Rfe8 26. Rxe8 Qxg3 27. R1e7+ Kf6 28. Re6+ Kxf5 29. Re3 Qc7 30. R8e5+ Kg6 31. Rg5+ Kh6 32. Rge5 Rf8 33. Re7 Rf1+ 34. Re1 Rxe1+ 35. Rxe1 Qf4+ 36. Kb1 Qd2 37. Rc1 Qh2 38. a3 Qxh4 39. Nd5 Qg5 40. Nc3 h4 41. Ne4 Qe5 42. Re1 Bf5 43. Re3 Bxe4 44. Rh3 Kg5 45. Rh1 Bxh1 46. Ka2 Bd5+ 47. b3 Qe2 48. a4 Qxc2+ 49. Ka3 Qxb3# 0-1

[Event "Junior Online 4NCL Division 3"]
[Site "online"]
[Date "2021.10.28"]
[EventDate "2021.10.28"]
[Round "6.106"]
[White "Khan, Leo"]
[WhiteElo "1623"]
[WhiteTeam "Leeds Juniors 1"]
[Black "Kirk, Alex"]
[BlackElo "1111"]
[BlackTeam "Tetherdown Bishops"]
[Result "1-0"]
[PlyCount "63"]

1. e4 e5 2. Nf3 Nc6 3. Bc4 Nf6 4. Ng5 d5 5. exd5 Nxd5 6. Nxf7 Kxf7 7. Qf3+ Ke6 8. Nc3 Nb4 9. Bxd5+ Nxd5 10. O-O Nxc3 11. dxc3 Ke7 12. Bg5+ Ke8 13. Bxd8 Kxd8 14. Qf7 Bd6 15. Qxg7 Rf8 16. Rad1 Be6 17. Qxf8+ Kd7 18. Qxa8 Kc6 19. Qxa7 Bc5 20. Qa4+ b5 21. Qa6+ Bb6 22. a4 Bc4 23. b3 Bxf1 24. Kxf1 bxa4 25. Qxa4+ Kb7 26. Qb5 e4 27. c4 h6 28. c5 Ka7 29. cxb6+ cxb6 30. Rd7+ Kb8 31. Qxb6+ Ka8 32. Qa7# 1-0

[Event "Junior Online 4NCL Division 3"]
[Site "online"]
[Date "2021.10.28"]
[EventDate "2021.10.28"]
[Round "6.107"]
[White "Murphy, Sam"]
[WhiteElo "1105"]
[WhiteTeam "Tetherdown Bishops"]
[Black "Krishnan, Aditya"]
[BlackElo "1436"]
[BlackTeam "Leeds Juniors 1"]
[Result "0-1"]
[PlyCount "86"]

1. d4 Nf6 2. c4 g6 3. Nc3 Bg7 4. Nf3 d6 5. e4 O-O 6. Bd3 e5 7. d5 Nbd7 8. Bg5 Nc5 9. O-O h6 10. Be3 Nxd3 11. Qxd3 Ng4 12. h3 Nxe3 13. Qxe3 f5 14. Rfe1 f4 15. Qd3 g5 16. Rad1 h5 17. g4 hxg4 18. hxg4 Bxg4 19. Kg2 Qd7 20. Rh1 Bxf3+ 21. Qxf3 g4 22. Qe2 f3+ 23. Qxf3 gxf3+ 24. Kf1 Kf7 25. Ke1 Rh8 26. Rg1 Rh3 27. Kd2 Bh6+ 28. Kc2 Rg8 29. Rgf1 Rg2 30. Kb1 Rhh2 31. Rd3 Rxf2 32. Rxf2 Rxf2 33. a3 Qh3 34. Ka2 Rd2 35. Rxd2 Bxd2 36. Kb3 Bxc3 37. Kxc3 f2+ 38. Kb4 f1=Q 39. c5 Qe1+ 40. Kb5 Qd3+ 41. Ka4 Qed1+ 42. Kb4 Q1b3+ 43. Ka5 Qdb5# 0-1